00287nam a2200097Ia 4500008004100000020003500041082001800076245004700094260002800141300002000169210428s9999 xx 000 0 und d a084932226X (hardcover) | 97808 a660.03 C743 C 0aConcise polymeric materials encyclopedia / bCRC Press,aUSA :c1999 a1706 p. ;29 cm.